Nachbarländer von Ländern mit "P" - Sudden Death - Statistiken

Allgemein
  • Dieses Quiz wurde 187 mal gespielt
  • Das Durchschnittsergebnis liegt bei 8 aus 12
Answers on the Grid
Answers color-coded by a green-red scale on the quiz's grid according to % correct below.
Indien
Kolumbien
Indonesien
Argentinien
Brasilien
Deutschland
Spanien
Iran
Ecuador
Slowakei
Costa Rica
Litauen
Nicaragua
Uruguay
Sambia
Algerien
Norwegen
Bulgarien
Usbekistan
Vietnam
 
Antwortstatistiken
Antwort % Korrekt
Polen Deutschland
86%
Portugal Spanien
81%
Paraguay, Peru Brasilien
74%
Paraguay Argentinien
70%
Pakistan Indien
66%
Panama Costa Rica
65%
Panama, Peru Kolumbien
63%
Peru Ecuador
58%
Polen Litauen
58%
Polen Slowakei
48%
Papua-Neuguinea Indonesien
46%
Pakistan Iran
45%
Keine übereinstimmenden Quizze gefunden
Verteilung der Resultate
Anzahl Personen mit jedem Resultat
Perzentil nach korrekt beantworteten Fragen
Ihre Resultats-Entwicklung
Sie haben dieses Quiz noch nicht gespielt